Computer Modeling of Social Processes /
Enregistré dans:
| Auteurs principaux: | , , |
|---|---|
| Format: | Livre |
| Langue: | anglais |
| Publié: |
London :
Sage Publ.,Ltd,
1998
|
| Tags: |
Pas de tags, Soyez le premier à ajouter un tag!
|
MARC
| LEADER | 00000nam a22000003a 4500 | ||
|---|---|---|---|
| 001 | stu33961 | ||
| 005 | 20150617225733.8 | ||
| 008 | 980923s1998----uk------------------eng-d | ||
| 020 | |a 0-7619-5424-4 | ||
| 040 | |a STU |b slo | ||
| 041 | 0 | |a eng | |
| 044 | |a uk | ||
| 080 | |a 519.711.2 | ||
| 080 | |a 159.95 | ||
| 100 | 1 | |a Liebrand, Wim B.G |4 aut | |
| 245 | 1 | |a Computer Modeling of Social Processes / |c [aut.]Liebrand,Wim B.G., Nowak,Andrzej, Hegselmann,Rainer | |
| 260 | |a London : |b Sage Publ.,Ltd, |c 1998 | ||
| 300 | |a 193 s : |b Obr.,tab.,lit.,index | ||
| 700 | 1 | |a Nowak, Andrzej |4 aut | |
| 700 | 1 | |a Hegselmann, Rainer |4 aut | |
| 996 | |b C95533 |c C*95533 |l CCXX |s P |a 0 |w stu33961_0001 | ||